00967nam a22002537a 45000010005000000030006000050050017000110080041000280200018000690400032000870500009001190820011001281000017001392450027001562500051001832600035002343000025002694900018002945050007003125200309003195210028006285210018006566500039006742277FISKH20250808145247.0231114b cb ||||| |||| 00| 0 eng d a9781407135533 aFISKH bengcFISKH dFISKH  aPZ7  a823.92 aWebb, Holly  aDogmagic /cHolly Webb aThis edition published by Scholastic Ltd, 2013 aLondon : bScholastic, c2008  a185 pages : c20 cm  aAnimal Magic  aR  a"What has four legs, a French accent, and fantastic magical powers? A dachshund named Sophie! She and her human, Lottie, live in a very special pet shop - one where magic springs from every corner and the animals have a lot to say. When Lottie starts a new school, the magic needs to be kept under wraps.8 a730 bLexile estimate 8 aR bRaz-Plus  2Magic aDog vJuvenile Literature